Systems and Computing (Record no. 99763)
[ view plain ]
| 000 -LEADER | |
|---|---|
| fixed length control field | 00706nam a2200217Ia 4500 |
| 005 - DATE AND TIME OF LATEST TRANSACTION | |
| control field | 20260406081139.0 |
| 008 - FIXED-LENGTH DATA ELEMENTS--GENERAL INFORMATION | |
| fixed length control field | 260406s9999 xx 000 0 und d |
| 022 ## - INTERNATIONAL STANDARD SERIAL NUMBER | |
| International Standard Serial Number | 3088-7941 |
| 041 ## - LANGUAGE CODE | |
| Language code of text/sound track or separate title | eng |
| 245 #0 - TITLE STATEMENT | |
| Title | Systems and Computing |
| 264 #1 - PRODUCTION, PUBLICATION, DISTRIBUTION, MANUFACTURE, AND COPYRIGHT NOTICE | |
| Place of production, publication, distribution, manufacture | Algeria: |
| Name of producer, publisher, distributor, manufacturer | Echahid Cheikh Larbi Tebessi University, |
| Date of production, publication, distribution, manufacture, or copyright notice | 2025. |
| 336 ## - CONTENT TYPE | |
| Source | rdacontent |
| Content type term | text |
| Content type code | txt |
| 337 ## - MEDIA TYPE | |
| Source | rdamedia |
| Media type term | computer |
| Media type code | c |
| 338 ## - CARRIER TYPE | |
| Source | rdacarrier |
| Carrier type term | online resource |
| Carrier type code | cr |
| 540 ## - TERMS GOVERNING USE AND REPRODUCTION NOTE | |
| -- | CC BY |
| 653 ## - INDEX TERM--UNCONTROLLED | |
| Uncontrolled term | Information technology: Computer software |
| 710 2# - ADDED ENTRY--CORPORATE NAME | |
| Corporate name or jurisdiction name as entry element | The Directory of Open Access Journals |
| 856 ## - ELECTRONIC LOCATION AND ACCESS | |
| Uniform Resource Identifier | <a href="https://doaj.org/toc/bf29af90bb174eec8f09f634ab239a42">https://doaj.org/toc/bf29af90bb174eec8f09f634ab239a42</a> |
| 856 ## - ELECTRONIC LOCATION AND ACCESS | |
| Uniform Resource Identifier | <a href="https://sycom.lab-lamis-univ-tebessa.dz/">https://sycom.lab-lamis-univ-tebessa.dz/</a> |
| 942 ## - ADDED ENTRY ELEMENTS (KOHA) | |
| Koha item type | E-JOURNALS |
| Withdrawn status | Damaged status | Not for loan | Home library | Current library | Date acquired | Total Checkouts | Date last seen | Price effective from | Koha item type |
|---|---|---|---|---|---|---|---|---|---|
| The Directory of Open Access Journals | The Directory of Open Access Journals | 04/01/2026 | 04/01/2026 | 04/01/2026 | E-JOURNALS |